<?xml version="1.0" encoding="UTF-8"?>
<record
    xmlns:xsi="http://www.w3.org/2001/XMLSchema-instance"
    xsi:schemaLocation="http://www.loc.gov/MARC21/slim http://www.loc.gov/standards/marcxml/schema/MARC21slim.xsd"
    xmlns="http://www.loc.gov/MARC21/slim">

  <leader>     nam a22     7a 4500</leader>
  <datafield tag="999" ind1=" " ind2=" ">
    <subfield code="c">51774</subfield>
    <subfield code="d">51774</subfield>
  </datafield>
  <controlfield tag="003">OSt</controlfield>
  <controlfield tag="005">20220503143338.0</controlfield>
  <controlfield tag="008">220503b        xxu||||| |||| 00| 0 eng d</controlfield>
  <datafield tag="040" ind1=" " ind2=" ">
    <subfield code="c">IIMT COLLEGE OF ENGINEERING,GREATER NOIDA</subfield>
  </datafield>
  <datafield tag="100" ind1=" " ind2=" ">
    <subfield code="a">MISHRA,K.L.P. &amp; CHANDRASEKARAN</subfield>
  </datafield>
  <datafield tag="245" ind1=" " ind2=" ">
    <subfield code="a">THEORY OF COMPUTER SCIENCE</subfield>
  </datafield>
  <datafield tag="260" ind1=" " ind2=" ">
    <subfield code="a">NEW DELHI</subfield>
    <subfield code="b">PHI </subfield>
    <subfield code="c">2022</subfield>
  </datafield>
  <datafield tag="300" ind1=" " ind2=" ">
    <subfield code="a">422</subfield>
  </datafield>
  <datafield tag="942" ind1=" " ind2=" ">
    <subfield code="2">ddc</subfield>
    <subfield code="c">02</subfield>
  </datafield>
  <datafield tag="952" ind1=" " ind2=" ">
    <subfield code="0">0</subfield>
    <subfield code="1">0</subfield>
    <subfield code="2">ddc</subfield>
    <subfield code="4">0</subfield>
    <subfield code="7">0</subfield>
    <subfield code="a">08</subfield>
    <subfield code="b">08</subfield>
    <subfield code="d">2022-05-03</subfield>
    <subfield code="e">KIRTI</subfield>
    <subfield code="g">495.00</subfield>
    <subfield code="i">IN 3751 ,28/03/2022</subfield>
    <subfield code="l">2</subfield>
    <subfield code="p">08-B-47565</subfield>
    <subfield code="r">2023-08-22</subfield>
    <subfield code="s">2023-04-13</subfield>
    <subfield code="w">2022-05-03</subfield>
    <subfield code="y">02</subfield>
  </datafield>
  <datafield tag="952" ind1=" " ind2=" ">
    <subfield code="0">0</subfield>
    <subfield code="1">0</subfield>
    <subfield code="2">ddc</subfield>
    <subfield code="4">0</subfield>
    <subfield code="7">0</subfield>
    <subfield code="a">08</subfield>
    <subfield code="b">08</subfield>
    <subfield code="d">2022-05-03</subfield>
    <subfield code="e">KIRTI</subfield>
    <subfield code="g">495.00</subfield>
    <subfield code="i">IN 3751 ,28/03/2022</subfield>
    <subfield code="l">1</subfield>
    <subfield code="p">08-B-47566</subfield>
    <subfield code="q">2023-08-01</subfield>
    <subfield code="r">2023-05-18</subfield>
    <subfield code="s">2023-05-18</subfield>
    <subfield code="w">2022-05-03</subfield>
    <subfield code="y">02</subfield>
  </datafield>
  <datafield tag="952" ind1=" " ind2=" ">
    <subfield code="0">0</subfield>
    <subfield code="1">0</subfield>
    <subfield code="2">ddc</subfield>
    <subfield code="4">0</subfield>
    <subfield code="7">0</subfield>
    <subfield code="a">08</subfield>
    <subfield code="b">08</subfield>
    <subfield code="d">2022-05-03</subfield>
    <subfield code="e">KIRTI</subfield>
    <subfield code="g">495.00</subfield>
    <subfield code="i">IN 3751 ,28/03/2022</subfield>
    <subfield code="l">4</subfield>
    <subfield code="p">08-B-47567</subfield>
    <subfield code="q">2026-07-31</subfield>
    <subfield code="r">2026-02-06</subfield>
    <subfield code="s">2026-02-06</subfield>
    <subfield code="w">2022-05-03</subfield>
    <subfield code="y">02</subfield>
  </datafield>
</record>
